[Event "Qatar Masters Open 2024"]
[Site "Doha QAT"]
[Date "2024.12.05"]
[Round "3.22"]
[White "Ashraf, Artin"]
[Black "Yakubboev, Nodirbek"]
[Result "0-1"]
[WhiteTitle "FM"]
[BlackTitle "GM"]
[WhiteElo "2388"]
[BlackElo "2668"]
[WhiteFideId "22514805"]
[BlackFideId "14203987"]
[EventDate "2024.12.03"]

1. e4 e5 2. Nf3 Nc6 3. Bb5 a6 4. Ba4 Nf6 5. O-O Be7 6. d3 b5 7. Bb3 d6 8. Bd2
O-O 9. h3 a5 10. a4 b4 11. Be3 Be6 12. Bxe6 fxe6 13. Nbd2 h6 14. c3 Rb8 15. Qc2
d5 16. Rfe1 Qe8 17. Rac1 Nd7 18. d4 bxc3 19. bxc3 exd4 20. Nxd4 Nxd4 21. cxd4
Nb6 22. Qxc7 Ba3 23. Ra1 Bb4 24. exd5 Nxd5 25. Qg3 Kh7 26. Rf1 Bc3 27. Rab1 Rxb1
28. Rxb1 Qxa4 29. Nf3 Bb4 30. Ne5 Qc2 31. Rc1 Qf5 32. Nc6 Nc3 33. Rxc3 Bxc3 34.
Qd6 Be1 35. f3 Bh4 36. Kh2 Ra8 37. Ne5 Bf6 38. Ng4 Bg5 39. f4 h5 40. Nf2 Bf6 41.
Qc6 Rd8 42. Ne4 Kh8 43. Nd6 Qg6 44. Nb7 Ra8 45. d5 Qe4 46. Nxa5 Qxd5 47. Bd2 h4
48. Qc2 Rxa5 49. Bxa5 Qxa5 50. Qc8+ Kh7 51. Qxe6 Qh5 52. Qe4+ Qg6 53. Qe1 Qf5
54. Qe3 Bd8 55. Qf2 Bg5 56. g3 hxg3+ 57. Kxg3 Qd3+ 58. Kg4 Bf6 59. h4 Kh6 0-1

[Event "Qatar Masters Open 2024"]
[Site "Doha QAT"]
[Date "2024.12.05"]
[Round "3.23"]
[White "Nguyen, Ngoc Truong Son"]
[Black "Nazari, Arad"]
[Result "1-0"]
[WhiteTitle "GM"]
[BlackTitle "IM"]
[WhiteElo "2646"]
[BlackElo "2401"]
[WhiteFideId "12401110"]
[BlackFideId "12577324"]
[EventDate "2024.12.03"]

1. d4 Nf6 2. c4 g6 3. Nc3 d5 4. cxd5 Nxd5 5. Bd2 Nb6 6. Nf3 Bg7 7. Qc1 Bg4 8.
Bh6 Bxh6 9. Qxh6 Bxf3 10. Qg7 Rf8 11. gxf3 Qd6 12. e3 N8d7 13. O-O-O Nd5 14. Ne4
Qe6 15. a3 N5f6 16. Nc3 Qf5 17. Qh6 Qxf3 18. Be2 Qc6 19. e4 O-O-O 20. Bb5 Qe6
21. Qe3 a6 22. Be2 Qb3 23. Kb1 Nb6 24. d5 Nc4 25. Bxc4 Qxc4 26. Rd4 Qc5 27. Na4
Qa7 28. Rhd1 Kb8 29. Qc3 Nd7 30. Rc1 b5 31. Qb4 Kc8 32. Nc5 Nxc5 33. Rxc5 e5 34.
Rd2 Rd6 35. Rdc2 Rfd8 36. Qc3 R8d7 37. Qxe5 f6 38. Qd4 g5 39. f3 h6 40. Qb4 Qb8
41. Rc6 Kd8 42. Rxa6 Ke8 43. Rcc6 Kf7 44. a4 Rxc6 45. Rxc6 Qa7 46. Qxb5 1-0

[Event "Qatar Masters Open 2024"]
[Site "Doha QAT"]
[Date "2024.12.05"]
[Round "3.24"]
[White "Mendonca, Leon Luke"]
[Black "Vantika, Agrawal"]
[Result "1/2-1/2"]
[WhiteTitle "GM"]
[BlackTitle "IM"]
[WhiteElo "2642"]
[BlackElo "2392"]
[WhiteFideId "35028561"]
[BlackFideId "25050389"]
[EventDate "2024.12.03"]

1. c4 e6 2. Nc3 d5 3. d4 Bb4 4. cxd5 exd5 5. Bf4 c5 6. e3 c4 7. Ne2 Nc6 8. a3
Ba5 9. b4 cxb3 10. Qxb3 Be6 11. f3 Nge7 12. Kf2 O-O 13. Qxb7 Bb6 14. Qa6 Ng6 15.
Bg3 f5 16. f4 h5 17. h4 Nh8 18. Na4 Nf7 19. Nec3 Nd6 20. Be2 Nxd4 21. exd4 Bxd4+
22. Kf1 Rc8 23. Be1 Qe7 24. Rd1 Be3 25. Rh3 Bxf4 26. Rf3 Be5 27. Nxd5 Qf7 28.
Nf4 Bb3 29. Rxd6 Bxd6 30. Qxd6 Bxa4 31. Bc3 Rfd8 32. Qb4 Bd1 33. Rg3 Bxe2+ 34.
Nxe2 g6 35. Nf4 Qc4+ 36. Qxc4+ Rxc4 37. Nxg6 Rg4 38. Rxg4 fxg4 39. Ke2 Rb8 40.
Kd3 Kf7 41. Nf4 Rb3 42. a4 a5 43. Nxh5 Ra3 44. g3 Rxa4 45. Nf6 Kg6 46. Nd5 Ra3
47. Ne3 a4 48. Nxg4 Ra2 49. Ne3 Rh2 50. Bb4 Rb2 51. Kc4 Re2 52. Kd4 Rb2 53. Bc5
Kh5 54. Kc4 Rb3 55. Bd4 Rb1 56. Nc2 Kg4 57. Be5 Rb3 58. Bd6 Rb2 59. Na3 Rd2 60.
Kc5 Rd3 61. Kc6 Rc3+ 62. Kb5 Rd3 63. Kc6 Rc3+ 64. Kd5 Rd3+ 65. Ke6 Re3+ 66. Kd7
Rb3 67. Kd8 Rd3 68. Ke7 Re3+ 69. Kd7 Rb3 70. Kc7 Rc3+ 71. Kb6 Rd3 72. Kc7 Rc3+
73. Kd8 Rd3 74. Ke7 Re3+ 75. Kf7 Rd3 76. Ke6 Re3+ 77. Kd5 Rd3+ 78. Kc6 Rc3+ 1/2-1/2

[Event "Qatar Masters Open 2024"]
[Site "Doha QAT"]
[Date "2024.12.05"]
[Round "3.25"]
[White "Tyurin, Artem"]
[Black "Ivanchuk, Vasyl"]
[Result "1/2-1/2"]
[WhiteTitle "FM"]
[BlackTitle "GM"]
[WhiteElo "2356"]
[BlackElo "2630"]
[WhiteFideId "44130112"]
[BlackFideId "14100010"]
[EventDate "2024.12.03"]

1. c4 Nf6 2. Nc3 c6 3. e4 d5 4. e5 d4 5. exf6 dxc3 6. fxg7 cxd2+ 7. Bxd2 Bxg7 8.
Qc2 Na6 9. Bc3 Bxc3+ 10. Qxc3 f6 11. Bd3 Qb6 12. Ne2 Bg4 13. h3 Bxe2 14. Bxe2
O-O-O 15. O-O Qd4 16. Qa3 Kb8 17. Bf3 Qc5 18. Qc3 Rd4 19. b3 Rhd8 20. Rad1 e5
21. Rxd4 exd4 22. Qd3 Qe7 23. Qd2 d3 24. Rd1 Nb4 25. a3 Nc2 26. Qf4+ Ka8 27. Be4
Nd4 28. Qe3 Nxb3 29. Rxd3 Rxd3 30. Bxd3 Qxe3 31. fxe3 h6 32. Kf2 Nc5 33. Bc2 Ne6
34. Kf3 Kb8 35. Ke4 Ng7 36. c5 b6 37. cxb6 axb6 38. Bb3 Kc7 39. g4 Kd6 40. h4 b5
41. a4 bxa4 42. Bxa4 Kc5 43. Kf4 Kd6 44. Ke4 1/2-1/2

[Event "Qatar Masters Open 2024"]
[Site "Doha QAT"]
[Date "2024.12.05"]
[Round "3.26"]
[White "Paravyan, David"]
[Black "Bharadia Yash"]
[Result "1-0"]
[WhiteTitle "GM"]
[BlackTitle "CM"]
[WhiteElo "2620"]
[BlackElo "2385"]
[WhiteFideId "4194985"]
[BlackFideId "45087822"]
[EventDate "2024.12.03"]

1. e4 e5 2. Nf3 Nc6 3. Bc4 Nf6 4. d3 Bc5 5. a4 a5 6. Be3 Bxe3 7. fxe3 O-O 8. O-O
d5 9. exd5 Nxd5 10. Qd2 Nb6 11. Bb3 Qe7 12. Nc3 Be6 13. Bxe6 Qxe6 14. Nb5 Qe7
15. b3 Rad8 16. d4 e4 17. Ne1 f5 18. c4 Nd7 19. Nxc7 Nf6 20. Nb5 Ng4 21. Nc2 Qe5
22. g3 Qf6 23. h3 Nh6 24. Nc3 Qg5 25. Qf2 Qh5 26. Kg2 g5 27. Qe2 Qg6 28. Kh1 Kh8
29. Nd5 Rxd5 30. cxd5 Ne7 31. Na3 Nxd5 32. Nc4 f4 33. g4 f3 34. Qh2 Nf7 35. Rac1
Re8 36. Kg1 h5 37. gxh5 Qf6 38. Kf2 Nb4 39. Nb2 Qe6 40. Rc4 Nd6 41. Qe5+ Qxe5
42. dxe5 Nxc4 43. Nxc4 Kh7 44. Kg3 Nc6 45. Nd6 Rxe5 46. Rc1 Re6 47. Nxb7 Ne7 48.
Nxa5 Nf5+ 49. Kf2 Rd6 50. Nc4 Rd3 51. b4 Rb3 52. b5 Rb4 53. b6 Rxa4 54. Rc2 Ra8
55. b7 Rb8 56. Na5 Nd6 57. Rc7+ Kg8 58. h6 Nxb7 59. Rg7+ Kh8 60. Nxb7 Rc8 61.
Nd6 Rc2+ 62. Ke1 Rc1+ 63. Kd2 1-0

[Event "Qatar Masters Open 2024"]
[Site "Doha QAT"]
[Date "2024.12.05"]
[Round "3.27"]
[White "Balajayeva, Khanim"]
[Black "Petrosyan, Manuel"]
[Result "1/2-1/2"]
[WhiteTitle "IM"]
[BlackTitle "GM"]
[WhiteElo "2362"]
[BlackElo "2612"]
[WhiteFideId "13406396"]
[BlackFideId "13300857"]
[EventDate "2024.12.03"]

1. e4 c5 2. Nf3 d6 3. Bb5+ Bd7 4. Bxd7+ Nxd7 5. O-O e6 6. Qe2 Be7 7. d4 cxd4 8.
Nxd4 Ngf6 9. b3 Nc5 10. Nd2 O-O 11. Bb2 Rc8 12. c4 a6 13. Rac1 Re8 14. Rfd1 Qb6
15. h3 h6 16. Ba1 Qa7 17. Rc3 Ncd7 18. Nf1 Bf8 19. Ng3 Qc5 20. Kh2 Qa5 21. Re3
Qc7 22. Kh1 e5 23. Nc2 b5 24. Rc3 Qb7 25. cxb5 axb5 26. Rxc8 Rxc8 27. Nb4 Nc5
28. f3 Ne6 29. Nf5 Nf4 30. Qe1 Qb6 31. Ne3 h5 32. Bc3 Qb7 33. Ned5 N6xd5 34.
Nxd5 Nxd5 35. Rxd5 Qa6 36. Qa1 Be7 37. Rd1 Ra8 38. Bb4 Qxa2 39. Qxa2 Rxa2 40.
Bxd6 Bxd6 41. Rxd6 Rb2 42. Rd5 Rxb3 43. Rxe5 h4 44. Rh5 g6 45. Rxh4 Rc3 46. Rg4
Rc5 47. e5 Rxe5 48. Rd4 Kf8 49. Kg1 Ke7 50. Kf2 Ke6 51. h4 Rc5 52. Ke3 Rc3+ 53.
Kf4 Rc8 54. g4 Rc5 55. Rd8 1/2-1/2

[Event "Qatar Masters Open 2024"]
[Site "Doha QAT"]
[Date "2024.12.05"]
[Round "3.28"]
[White "Lodici, Lorenzo"]
[Black "Panda, Sambit"]
[Result "1-0"]
[WhiteTitle "GM"]
[BlackTitle "IM"]
[WhiteElo "2564"]
[BlackElo "2381"]
[WhiteFideId "884189"]
[BlackFideId "25091794"]
[EventDate "2024.12.03"]

1. e4 e6 2. d4 d5 3. Nc3 Nf6 4. e5 Nfd7 5. Nce2 c5 6. c3 Nc6 7. f4 a5 8. Nf3 a4
9. Kf2 Be7 10. g4 Qc7 11. Ng3 cxd4 12. cxd4 a3 13. bxa3 Nb6 14. Nh5 O-O 15. g5
Bxa3 16. Qc2 Kh8 17. Bd3 Nc4 18. Bxh7 Bxc1 19. Qxc1 Ra3 20. Bb1 Qb6 21. Rd1
Rxf3+ 22. Kxf3 Nxd4+ 23. Rxd4 Qxd4 24. Bc2 Bd7 25. Qe1 Rc8 26. Rc1 Nxe5+ 27.
Qxe5 Rc3+ 28. Kg4 Qxe5 29. fxe5 Ba4 30. Bxa4 Rxc1 31. Be8 g6 32. Nf6 Kg7 33. Bb5
Rc2 34. a4 Rxh2 35. Ne8+ Kf8 36. Nd6 b6 37. Nc8 Rg2+ 38. Kf4 Rf2+ 39. Kg4 Rg2+
40. Kf4 Rf2+ 41. Ke3 Rb2 42. Nxb6 Ke7 43. Nc8+ Kd8 44. Nd6 Kc7 45. Be8 Rg2 46.
Nxf7 Rg4 47. a5 Rg3+ 48. Kf4 Rg1 49. Bb5 Ra1 50. a6 Ra3 51. Nh8 Kb6 52. Bf1 Ra4+
53. Kf3 Ra3+ 54. Kf2 Ra4 55. Nxg6 Rg4 56. Ne7 Rxg5 57. Nc8+ Kc7 58. a7 Rf5+ 59.
Kg3 1-0

[Event "Qatar Masters Open 2024"]
[Site "Doha QAT"]
[Date "2024.12.05"]
[Round "3.29"]
[White "Bharath, Subramaniyam H"]
[Black "Vaz, Ethan"]
[Result "1-0"]
[WhiteTitle "GM"]
[BlackTitle "IM"]
[WhiteElo "2561"]
[BlackElo "2378"]
[WhiteFideId "46634827"]
[BlackFideId "25940783"]
[EventDate "2024.12.03"]

1. e4 c5 2. Nf3 d6 3. d4 cxd4 4. Nxd4 Nf6 5. Nc3 a6 6. Be3 e5 7. Nb3 Be7 8. Rg1
h5 9. h3 Be6 10. Qf3 h4 11. Nd5 Nbd7 12. O-O-O Bxd5 13. exd5 Nb6 14. g3 e4 15.
Qe2 Nbxd5 16. Bd4 hxg3 17. Rxg3 Nf4 18. Qe3 N6h5 19. Rg4 f5 20. Bb6 Qd7 21. Rxf4
g5 22. Rxe4 fxe4 23. Nc5 Qf5 24. Nxe4 Qf4 25. Nxd6+ Kf8 26. Nxb7 Rb8 27. Nc5
Qxe3+ 28. fxe3 Nf6 29. Bc7 Rc8 30. Ne6+ Kf7 31. Nxg5+ Kg6 32. Bf4 Nh5 33. Bd3+
Kg7 34. Be5+ Bf6 35. Bxf6+ Kxf6 36. h4 Ke7 37. Bxa6 Ra8 38. Bc4 Ng3 39. Rd4 Nf5
40. Re4+ Kf6 41. Nf3 Kg7 42. Rg4+ Kh6 43. Ne5 Nxe3 44. Rg6+ Kh7 45. Bd3 Rhf8 46.
Rg3+ Kh6 47. Rxe3 Rxa2 48. Rg3 Kh5 49. Rg7 Rh8 50. Rg5+ Kxh4 51. Nf3+ 1-0

[Event "Qatar Masters Open 2024"]
[Site "Doha QAT"]
[Date "2024.12.05"]
[Round "3.30"]
[White "Shturman, Arseniy"]
[Black "Xu, Zhihang"]
[Result "1/2-1/2"]
[WhiteTitle "FM"]
[BlackTitle "IM"]
[WhiteElo "2350"]
[BlackElo "2511"]
[WhiteFideId "34275797"]
[BlackFideId "8611572"]
[EventDate "2024.12.03"]

1. e4 e6 2. d4 d5 3. Nc3 Nf6 4. e5 Nfd7 5. f4 c5 6. Nf3 Nc6 7. Be3 a6 8. a3 b5
9. dxc5 Bxc5 10. Bxc5 Nxc5 11. b4 Nd7 12. Bd3 Qb6 13. Qd2 Bb7 14. Qf2 Rc8 15.
Ne2 Qxf2+ 16. Kxf2 f6 17. exf6 gxf6 18. Ned4 Kf7 19. Nxc6 Bxc6 20. Rhe1 Nb6 21.
Nd4 Bd7 22. Nb3 Na4 23. Re3 h5 24. h4 Rce8 25. Rae1 Bc8 26. g3 Bd7 27. Bf1 Nb6
28. Nc5 Bc8 29. Bh3 f5 30. Bf1 Re7 31. Nb3 Nd7 32. Bd3 Rhe8 33. Nd4 Nf6 34. Kf1
Ne4 35. Bxe4 dxe4 36. Nc6 Rc7 37. Rc3 Kf6 38. Ree3 Bb7 39. Ne5 Rec8 40. Rxc7
Rxc7 41. c3 Bd5 42. Ke2 Ke7 43. Kd2 Rc8 44. Kc2 Kd6 45. Kb2 Kc7 46. Re1 1/2-1/2

[Event "Qatar Masters Open 2024"]
[Site "Doha QAT"]
[Date "2024.12.05"]
[Round "3.31"]
[White "Galaviz Medina, Sion Radamantys"]
[Black "Aradhya, Garg"]
[Result "1-0"]
[WhiteTitle "IM"]
[BlackTitle "IM"]
[WhiteElo "2508"]
[BlackElo "2365"]
[WhiteFideId "5123119"]
[BlackFideId "25006746"]
[EventDate "2024.12.03"]

1. d4 d5 2. c4 c6 3. Nf3 Nf6 4. e3 Bf5 5. Nc3 e6 6. Nh4 Bg6 7. Nxg6 hxg6 8. Bd2
Nbd7 9. Qb3 Qc7 10. cxd5 exd5 11. h4 Be7 12. Be2 Nb6 13. O-O-O a5 14. Kb1 Bb4
15. f3 Kf8 16. g4 Qe7 17. a3 Bxc3 18. Bxc3 Nc8 19. h5 g5 20. Bd2 Nd6 21. e4 dxe4
22. Bxg5 Qe6 23. Qxe6 fxe6 24. Rh2 Nd5 25. fxe4 Nxe4 26. Bc1 Ke7 27. Bd3 Nef6
28. g5 Ng4 29. Re2 Rxh5 30. Rg1 Nh2 31. Bf5 Rf8 32. Bxe6 Kd6 33. Rh1 Re8 34.
Rexh2 Rxh2 35. Bxd5 Rxh1 36. Bxh1 Ke6 37. Be4 Rh8 38. Kc2 Rh3 39. a4 Rh4 40. Kd3
Rh3+ 41. Be3 Kd6 42. Bf5 Rh4 43. Bf2 Rh5 44. Bg3+ Ke7 45. Bf4 Kd8 46. Ke4 Rh4
47. Kf3 Ke7 48. Be5 Kf7 49. g6+ Kf8 50. Be6 Rh1 51. Bf7 Ke7 52. Bxg7 Rb1 53. Be5
Rxb2 54. Bc4 Rb4 55. g7 Rxc4 56. g8=Q 1-0

[Event "Qatar Masters Open 2024"]
[Site "Doha QAT"]
[Date "2024.12.05"]
[Round "3.32"]
[White "Mohamed, Anees M"]
[Black "Fawzy, Adham"]
[Result "1/2-1/2"]
[WhiteTitle "FM"]
[BlackTitle "GM"]
[WhiteElo "2344"]
[BlackElo "2493"]
[WhiteFideId "35065815"]
[BlackFideId "10613129"]
[EventDate "2024.12.03"]

1. e4 e5 2. Nf3 Nc6 3. d4 exd4 4. Nxd4 Bb4+ 5. c3 Bc5 6. Be3 Qf6 7. Be2 d6 8.
O-O Bd7 9. b4 Bb6 10. Nb5 Qd8 11. Bxb6 axb6 12. f4 Nf6 13. Nd2 O-O 14. Bd3 d5
15. e5 Ne4 16. Nxe4 dxe4 17. Bc4 Ne7 18. Nd4 c5 19. Nb3 Ra4 20. a3 Bc6 21. Qe2
Nd5 22. Bxd5 Qxd5 23. c4 Qd3 24. Qxd3 exd3 25. b5 Bd7 26. Nd2 Rfa8 27. Kf2 Be6
28. Rfc1 Rd8 29. Ke3 Rd4 30. Rc3 Bxc4 31. Nxc4 Raxc4 32. Rxc4 Rxc4 33. Rd1 Rc3
34. Rxd3 Rxd3+ 35. Kxd3 f6 36. Ke4 Kf7 37. g4 Ke7 38. Kd5 fxe5 39. Kxe5 Kf7 40.
h3 h6 41. f5 1/2-1/2

[Event "Qatar Masters Open 2024"]
[Site "Doha QAT"]
[Date "2024.12.05"]
[Round "3.33"]
[White "Tissir, Mohamed"]
[Black "Srihari, L R"]
[Result "1/2-1/2"]
[WhiteTitle "IM"]
[BlackTitle "IM"]
[WhiteElo "2342"]
[BlackElo "2484"]
[WhiteFideId "9000240"]
[BlackFideId "46617116"]
[EventDate "2024.12.03"]

1. e4 e5 2. Nf3 Nc6 3. Bc4 Nf6 4. d3 h6 5. c3 d6 6. Nbd2 g5 7. O-O Bg7 8. Bb3 a5
9. a4 Bd7 10. Nc4 Be6 11. Re1 g4 12. Nfd2 h5 13. Ne3 Qd7 14. Ndf1 O-O-O 15. Bd5
Bxd5 16. exd5 Ne7 17. c4 h4 18. Qd2 Bh6 19. Qxa5 Kb8 20. Qb5 Qxb5 21. axb5 Kc8
22. Ra7 Kb8 23. Ra3 Kc8 24. Nc2 Bxc1 25. Rxc1 Nh5 26. Re1 f5 27. Nd4 exd4 28.
Rxe7 Kb8 29. b6 cxb6 30. Rb3 Ka7 31. Ra3+ Kb8 32. Rb3 Ka7 33. Ra3+ Kb8 1/2-1/2

[Event "Qatar Masters Open 2024"]
[Site "Doha QAT"]
[Date "2024.12.05"]
[Round "3.34"]
[White "Chanda, Sandipan"]
[Black "Munguntuul, Batkhuyag"]
[Result "1-0"]
[WhiteTitle "GM"]
[BlackTitle "IM"]
[WhiteElo "2480"]
[BlackElo "2342"]
[WhiteFideId "5004225"]
[BlackFideId "4900758"]
[EventDate "2024.12.03"]

1. d4 d5 2. Nf3 Nf6 3. Bf4 c5 4. e3 Nc6 5. Nbd2 Qb6 6. dxc5 Qxb2 7. Rb1 Qc3 8.
Bb5 e6 9. O-O Be7 10. e4 O-O 11. e5 Nd7 12. Nb3 Qb4 13. Nfd4 Nxd4 14. Nxd4 Qxc5
15. Re1 Nb6 16. Bd3 g6 17. Nb3 Qb4 18. Qg4 f5 19. Qg3 Bd7 20. h4 Kf7 21. Nd2 Qa4
22. Nf3 Rh8 23. Ng5+ Kf8 24. h5 h6 25. Bb5 Qa3 26. Nxe6+ Bxe6 27. Qxg6 Bg5 28.
Bxg5 hxg5 29. Qf6+ 1-0

[Event "Qatar Masters Open 2024"]
[Site "Doha QAT"]
[Date "2024.12.05"]
[Round "3.35"]
[White "Adireddy, Arjun"]
[Black "Suyarov, Mukhammadzokhid"]
[Result "1/2-1/2"]
[WhiteTitle "FM"]
[BlackTitle "IM"]
[WhiteElo "2336"]
[BlackElo "2466"]
[WhiteFideId "25647709"]
[BlackFideId "14210495"]
[EventDate "2024.12.03"]

1. e4 e5 2. Nf3 Nf6 3. Nxe5 d6 4. Nf3 Nxe4 5. d4 d5 6. Bd3 Bd6 7. O-O O-O 8. c4
c6 9. Nc3 Nxc3 10. bxc3 dxc4 11. Bxc4 Bg4 12. h3 Bh5 13. g4 Bg6 14. Ne5 Nd7 15.
Nxg6 hxg6 16. Qf3 Qf6 17. Kg2 Nb6 18. Bb3 Qxf3+ 19. Kxf3 c5 20. Be3 Rfc8 21.
Rfc1 Rab8 22. Rab1 c4 23. Bc2 Ba3 24. Bf4 Bxc1 25. Bxb8 Rxb8 26. Rxc1 g5 27. Ke3
Nd5+ 28. Kd2 b5 29. Be4 Nf4 30. Rh1 b4 31. Rb1 a5 32. cxb4 axb4 33. a3 Re8 34.
f3 bxa3 35. Ra1 Rd8 36. Kc3 Ne2+ 37. Kxc4 Rxd4+ 38. Kb3 Nf4 39. Rxa3 g6 40. Kc3
Rd6 41. Kc4 Kg7 42. Kc5 Rd7 43. Kc6 Re7 44. Bd5 Nxh3 45. Kd6 Kf6 46. Ra6 Nf4 47.
Bc4 Ne6 48. Bd5 Re8 49. Ra8 Re7 50. Ra6 Nc7 51. Rb6 Ne8+ 52. Kc5+ Ke5 53. Rb1
Rc7+ 54. Bc6 Ng7 55. Re1+ Kf6 56. Ra1 Ne6+ 57. Kd6 Rc8 58. Ra8 Rc7 59. Ra6 Re7
60. Bd5 1/2-1/2

[Event "Qatar Masters Open 2024"]
[Site "Doha QAT"]
[Date "2024.12.05"]
[Round "3.36"]
[White "Prraneeth, Vuppala"]
[Black "Nandhidhaa, P V"]
[Result "0-1"]
[WhiteTitle "GM"]
[BlackTitle "WGM"]
[WhiteElo "2461"]
[BlackElo "2339"]
[WhiteFideId "46622373"]
[BlackFideId "5050847"]
[EventDate "2024.12.03"]

1. d4 Nf6 2. c4 e6 3. Nf3 d5 4. Nc3 Bb4 5. Qa4+ Nc6 6. e3 O-O 7. Qc2 Re8 8. Bd2
e5 9. dxe5 Nxe5 10. Nxd5 Bxd2+ 11. Qxd2 Ne4 12. Qc2 Ng4 13. Bd3 Ngxf2 14. Bxe4
Nxe4 15. O-O-O Bd7 16. Rd4 c6 17. Nc3 Nxc3 18. Qxc3 Qe7 19. Rhd1 Bf5 20. Rf4 Be4
21. Rd4 f5 22. h4 c5 23. Rd2 Rad8 24. Ng5 Rxd2 25. Qxd2 Rd8 26. Qe1 Bd3 27. g4
h6 28. Nf3 fxg4 29. Rxg4 Qe6 30. Qg1 Rd7 31. Nd2 b5 32. e4 bxc4 33. Rg6 Qe5 34.
Qg4 Re7 35. Qc8+ Kh7 36. Nf3 Qf4+ 0-1

[Event "Qatar Masters Open 2024"]
[Site "Doha QAT"]
[Date "2024.12.05"]
[Round "3.37"]
[White "Jin, Yueheng"]
[Black "Swayams, Mishra"]
[Result "1/2-1/2"]
[WhiteTitle "IM"]
[BlackTitle "GM"]
[WhiteElo "2309"]
[BlackElo "2456"]
[WhiteFideId "8616868"]
[BlackFideId "5028183"]
[EventDate "2024.12.03"]

1. c4 e6 2. g3 d5 3. Bg2 Nf6 4. Nf3 d4 5. O-O c5 6. d3 Nc6 7. e3 h6 8. Re1 Bd6
9. exd4 cxd4 10. Na3 O-O 11. Nc2 a5 12. a3 e5 13. b3 Re8 14. Rb1 Bf8 15. b4 e4
16. b5 exf3 17. bxc6 Rxe1+ 18. Nxe1 bxc6 19. Nxf3 Ra6 20. Qe2 c5 21. Bf4 Rb6 22.
Qc2 Bd7 23. Rb2 Ba4 24. Qb1 Rxb2 25. Qxb2 Bd6 26. Bd2 Qc7 27. Ne1 Bd7 28. Qb7
Qxb7 29. Bxb7 Bc7 30. Bf3 Ba4 1/2-1/2

[Event "Qatar Masters Open 2024"]
[Site "Doha QAT"]
[Date "2024.12.05"]
[Round "3.38"]
[White "Garifullina, Leya"]
[Black "Ankit Ray"]
[Result "1/2-1/2"]
[WhiteTitle "IM"]
[BlackTitle "FM"]
[WhiteElo "2451"]
[BlackElo "2320"]
[WhiteFideId "34127035"]
[BlackFideId "25770624"]
[EventDate "2024.12.03"]

1. e4 c5 2. Nf3 Nc6 3. d4 cxd4 4. Nxd4 e5 5. Nb5 d6 6. N1c3 a6 7. Na3 Be7 8. Nc4
b5 9. Ne3 Nf6 10. Bd3 O-O 11. O-O Nd4 12. Ned5 Nxd5 13. Nxd5 Bg5 14. a4 Bxc1 15.
Qxc1 Bb7 16. Qd1 bxa4 17. Rxa4 Ne6 18. Ra3 Bxd5 19. exd5 Nc5 20. b4 Nxd3 21.
Qxd3 Qb6 22. c3 Qb5 23. Qd2 Rfc8 24. Rfa1 h6 25. Ra5 Qc4 26. b5 Qxc3 27. Qxc3
Rxc3 28. bxa6 Rb3 29. g3 Rb6 30. Kg2 Ra7 31. Kh3 Kh7 32. R1a4 Kg6 33. Rc4 Raxa6
34. Rxa6 Rxa6 35. Rc6 Ra2 36. Rxd6+ f6 37. Kg2 e4 38. Re6 Rd2 39. Rxe4 Rxd5 40.
Rg4+ Kf7 1/2-1/2

[Event "Qatar Masters Open 2024"]
[Site "Doha QAT"]
[Date "2024.12.05"]
[Round "3.39"]
[White "Shyaam Nikhil P"]
[Black "Jain, Kashish Manoj"]
[Result "1/2-1/2"]
[WhiteTitle "GM"]
[BlackTitle "FM"]
[WhiteElo "2445"]
[BlackElo "2308"]
[WhiteFideId "5024218"]
[BlackFideId "35081098"]
[EventDate "2024.12.03"]

1. d4 d5 2. Nf3 Nf6 3. c4 c6 4. Nbd2 Bf5 5. Nh4 Be6 6. Qb3 Qb6 7. e3 dxc4 8.
Bxc4 Bxc4 9. Nxc4 Qxb3 10. axb3 Nbd7 11. Nf5 g6 12. Ng3 c5 13. O-O e6 14. Ne2
Be7 15. Na5 Rb8 16. Bd2 O-O 17. Rfc1 Rfc8 18. f3 b6 19. Nc4 a5 20. Nc3 a4 21.
bxa4 cxd4 22. Nb5 dxe3 23. Nxe3 Nc5 24. Rc3 Rd8 25. Be1 Nd3 26. Bg3 Rb7 27. Rc7
Rd7 28. Rxb7 Rxb7 29. Nc4 Nd5 30. b3 Bc5+ 31. Kf1 f6 32. Rd1 N3b4 33. Nbd6 Rd7
34. Ne4 Be7 35. Nc3 Bc5 36. Ne4 Be7 37. Bf2 Bd8 38. Nc3 Kf8 39. Nxd5 Nxd5 40.
Rc1 Rc7 41. g3 Be7 42. Rd1 Bc5 43. Rd3 Ke7 44. Ke2 Bxf2 45. Kxf2 Rc5 46. Ne3
Nxe3 47. Kxe3 Rc2 48. Rd4 Rc3+ 49. Rd3 Rc2 50. Rd4 Rc3+ 51. Rd3 1/2-1/2

[Event "Qatar Masters Open 2024"]
[Site "Doha QAT"]
[Date "2024.12.05"]
[Round "3.40"]
[White "Moosavifar, Seyed Abolfazl"]
[Black "Pham Tran Gia Phuc"]
[Result "1/2-1/2"]
[WhiteTitle "FM"]
[BlackTitle "IM"]
[WhiteElo "2308"]
[BlackElo "2445"]
[WhiteFideId "42548195"]
[BlackFideId "12415669"]
[EventDate "2024.12.03"]

1. e4 c5 2. Nf3 Nf6 3. e5 Nd5 4. Nc3 e6 5. Ne4 f5 6. Nc3 Nxc3 7. dxc3 Nc6 8. Bf4
Qb6 9. b3 Qa5 10. Qd2 Ne7 11. c4 Qxd2+ 12. Bxd2 b6 13. Bc3 Bb7 14. Be2 h6 15. h4
Rg8 16. h5 g5 17. hxg6 Nxg6 18. g3 Bg7 19. O-O-O O-O-O 20. Bb2 Rh8 21. Rde1 h5
22. Rh3 h4 23. Kb1 Rdg8 24. Nxh4 Nxe5 25. Bf1 Ng4 26. Bxg7 Rxg7 27. Nxf5 Rxh3
28. Nxg7 Rh1 29. Rc1 Nxf2 30. Be2 Rh3 31. Rf1 Ne4 32. Rf8+ Kc7 33. Bd3 Rxg3 34.
Rg8 Rg2 35. Nxe6+ dxe6 36. Rxg2 Nc3+ 37. Kb2 Na4+ 38. bxa4 Bxg2 39. a5 Kd6 40.
Kc3 Ke5 41. Kd2 Kf4 42. axb6 axb6 43. Ke2 Bf3+ 44. Kf2 e5 45. c3 e4 46. Be2 Bh1
47. Bh5 Bf3 48. Bf7 e3+ 49. Ke1 Be4 50. Bd5 Bb1 51. a3 Bd3 52. Bf7 e2 53. Kf2
Ke5 54. Bg8 Kd6 55. Bf7 Kc7 56. Bh5 Bxc4 57. Bxe2 Bxe2 58. Kxe2 Kc6 59. c4 1/2-1/2

[Event "Qatar Masters Open 2024"]
[Site "Doha QAT"]
[Date "2024.12.05"]
[Round "3.41"]
[White "Mamedov, Edgar"]
[Black "Ajay Santhosh Parvathareddy"]
[Result "1/2-1/2"]
[WhiteTitle "IM"]
[BlackTitle "FM"]
[WhiteElo "2441"]
[BlackElo "2299"]
[WhiteFideId "13739980"]
[BlackFideId "25998676"]
[EventDate "2024.12.03"]

1. d4 Nf6 2. c4 e6 3. Nc3 d5 4. Bg5 c6 5. e3 Nbd7 6. cxd5 exd5 7. Bd3 Be7 8.
Nge2 O-O 9. Qc2 Re8 10. O-O Nf8 11. f3 g6 12. Rad1 Ne6 13. Bh4 b5 14. Kh1 Qa5
15. e4 b4 16. Na4 Bd7 17. b3 dxe4 18. fxe4 Ng4 19. Bxe7 Rxe7 20. Qd2 Qg5 21. Nf4
Nxd4 22. h3 Qh4 23. Bc4 Ne6 24. Bxe6 Bxe6 25. Nxe6 Rxe6 26. Qf4 f5 27. exf5 Re4
28. Qf3 Ne5 29. Qf2 Qxf2 30. Rxf2 gxf5 31. Rxf5 Rf8 32. Rxf8+ Kxf8 33. Rd8+ Kg7
34. Ra8 Nd3 35. Rxa7+ Kg6 36. Rc7 Re6 37. Rd7 Nf4 38. Rd4 Nd5 39. Rc4 Kf5 40.
Rc2 Kf4 41. Nc5 Re3 42. Rc4+ Kf5 43. Na6 Rc3 44. Rh4 Rc1+ 45. Kh2 Rc2 46. Rxh7
Rxa2 47. Nc5 Rc2 48. Nb7 Ne3 49. Rg7 Rc3 50. Na5 Rc5 51. Ra7 Rc2 52. Kg3 c5 53.
Re7 Rxg2+ 54. Kf3 Nd5 55. Rf7+ Ke6 56. Kxg2 Kxf7 57. Kf3 Nb6 58. Ke4 Ke6 59. Kd3
Kf5 60. Nc4 Nd7 61. Nd6+ Kf4 62. Kc4 Ne5+ 63. Kxc5 Nd3+ 64. Kc4 Nc1 65. Kxb4
Nxb3 66. Kxb3 Kg3 67. Kc3 Kxh3 1/2-1/2